000 00436nam a2200169Ia 4500
008 230524s9999 xx 000 0 und d
020 _a9789351428244
082 _a658
_bRAO
100 _aP.Subba Rao
245 0 _aManagement Theory and Practice (Text and Cases)
250 _a2
260 _aNew Delhi
_bHimalaya Publishing House
_c2018
300 _a564p;
500 _aQuantity Number: 5
650 _aManagement
942 _cBK
999 _c60620
_d60620